00460nam a2200169Ia 4500003000400000005001700004008004100021020002400062040002700086100002100113245002300134260001700157260000900174942001200183999001300195952008200208OSt20240210124739.0170523s9999 xx 000 0 und d a ‎ 978-0070068056 ciimt university meerut aBOWLIN- OSWARD D 0aFINANCIAL ANALYSIS bMC GRAW HILL c1990 2ddcc02 c462d462 00102ddc4070a01b01d2017-05-31p01-B-1625r2017-05-31w2017-05-31y02z